[Event "CHN-chT"]
[Site "Beijing"]
[Date "2012.06.28"]
[Round "6"]
[White "Yu, Lie"]
[Black "Lou, Yiping"]
[Result "0-1"]
[WhiteElo "2417"]
[BlackElo "2419"]
[PlyCount "90"]
[EventDate "2012.04.28"]
[EventType "team-tourn"]
[EventRounds "22"]
[EventCountry "CHN"]
[SourceTitle "EXT 2013"]
[Source "ChessBase"]
[SourceDate "2012.11.22"]
[SourceVersion "1"]
[SourceVersionDate "2012.11.22"]
[SourceQuality "1"]
[WhiteTeam "Zhejiang"]
[BlackTeam "Shanghai"]
[WhiteTeamCountry "CHN"]
[BlackTeamCountry "CHN"]

1. d4 Nf6 2. c4 g6 3. Nc3 d5 4. cxd5 Nxd5 5. e4 Nxc3 6. bxc3 Bg7 7. Bb5+ c6 8. Ba4 0-0 9. Ne2 e5 10. 0-0 Qe7 11. Qc2 Nd7 12. Bb3 Re8 13. f3 b6 14. Be3 Ba6 15. Rfe1 exd4 16. cxd4 c5 17. Bd5 Rac8 18. Qa4 Bxe2 19. Rxe2 cxd4 20. Bxd4 b5 21. Qd1 Nb6 22. Bxg7 Kxg7 23. Qd4+ Qe5 24. Rd1 Na4 25. Qxe5+ Rxe5 26. Bb3 Nc3 27. Rc2 Rc7 28. Rxc3 Rxc3 29. Rd7 a5 30. Rxf7+ Kh6 31. Ra7 a4 32. Bg8 Kg5 33. Rxh7 Kf4 34. Rg7 Rc1+ 35. Kf2 Rc2+ 36. Kg1 Rg5 37. Rf7+ Ke3 38. g4 Rgc5 39. Rd7 Kxf3 40. Rf7+ Kxg4 41. Rf6 Kg5 42. Rf3 Rd2 43. Rf1 Rcc2 44. Rb1 Rb2 45. Rc1 Rg2+ 0-1

[Event "CHN-chT"]
[Site "Beijing"]
[Date "2012.04.30"]
[Round "3"]
[White "Andriasian, Zaven"]
[Black "Yu, Lie"]
[Result "1-0"]
[WhiteElo "2616"]
[BlackElo "2417"]
[PlyCount "85"]
[EventDate "2012.04.28"]
[EventType "team-tourn"]
[EventRounds "22"]
[EventCountry "CHN"]
[SourceTitle "CBM 148 Extra"]
[Source "ChessBase"]
[SourceDate "2012.06.22"]
[SourceVersion "1"]
[SourceVersionDate "2012.06.22"]
[SourceQuality "1"]
[WhiteTeam "Tianjin"]
[BlackTeam "Zhejiang"]
[WhiteTeamCountry "CHN"]
[BlackTeamCountry "CHN"]

1. Nf3 Nf6 2. c4 c6 3. b3 g6 4. Bb2 Bg7 5. g3 0-0 6. Bg2 d6 7. d4 Qa5+ 8. Nbd2 Ne4 9. 0-0 Nxd2 10. Nxd2 Qh5 11. e4 Qxd1 12. Raxd1 c5 13. e5 Nc6 14. dxc5 dxe5 15. Rfe1 Bg4 16. Bxc6 bxc6 17. f3 Bf5 18. Bxe5 Bxe5 19. Rxe5 Rfd8 20. Re2 Bd3 21. Rf2 a5 22. Nf1 Bf5 23. Rxd8+ Rxd8 24. Rd2 Rb8 25. Ne3 Be6 26. Kf2 Kf8 27. Ke2 Ke8 28. Kd3 Kd7 29. Kc3+ Kc7 30. a3 h5 31. Nc2 Bd7 32. Re2 Re8 33. f4 h4 34. b4 axb4+ 35. axb4 f6 36. Nd4 hxg3 37. hxg3 e5 38. fxe5 fxe5 39. Nf3 Ra8 40. Nxe5 Ra3+ 41. Kd4 Rb3 42. Rh2 Be8 43. Rh8 1-0

[Event "CHN-chT"]
[Site "Ningbo"]
[Date "2011.10.27"]
[Round "14"]
[White "Yu, Lie"]
[Black "Liu, Qingnan"]
[Result "1/2-1/2"]
[WhiteElo "2404"]
[BlackElo "2435"]
[PlyCount "52"]
[EventDate "2011.04.12"]
[EventType "team-tourn"]
[EventRounds "18"]
[EventCountry "CHN"]
[SourceTitle "EXT 2012"]
[Source "ChessBase"]
[SourceDate "2011.11.24"]
[SourceVersion "1"]
[SourceVersionDate "2011.11.24"]
[SourceQuality "1"]
[WhiteTeam "Zhejiang"]
[BlackTeam "Tianjin"]
[WhiteTeamCountry "CHN"]
[BlackTeamCountry "CHN"]

1. c4 d6 2. d4 g6 3. Nf3 Bg7 4. g3 c5 5. Bg2 Nc6 6. d5 Na5 7. Nbd2 a6 8. 0-0 b5 9. e4 bxc4 10. Re1 Nh6 11. Nxc4 Nxc4 12. Qa4+ Bd7 13. Qxc4 Ng4 14. Rb1 0-0 15. Bf4 e5 16. dxe6 Bxe6 17. Qc2 Qb6 18. b3 Rac8 19. h3 Ne5 20. Nxe5 Bxe5 21. Be3 Rfe8 22. f4 Bg7 23. Rbd1 Qb4 24. Bd2 Qb6 25. Be3 Qb4 26. Bd2 Qb6 1/2-1/2

[Event "Qinhuangdao op 1st"]
[Site "Qinhuangdao"]
[Date "2011.10.06"]
[Round "8"]
[White "Ganguly, Surya Shekhar"]
[Black "Yu, Lie"]
[Result "1-0"]
[WhiteElo "2631"]
[BlackElo "2416"]
[PlyCount "91"]
[EventDate "2011.10.01"]
[EventType "swiss"]
[EventRounds "9"]
[EventCountry "CHN"]
[SourceTitle "CBM 144 Extra"]
[Source "ChessBase"]
[SourceDate "2011.10.28"]
[SourceVersion "1"]
[SourceVersionDate "2011.10.28"]
[SourceQuality "1"]

1. d4 d5 2. c4 e6 3. Nf3 Nf6 4. g3 Be7 5. Bg2 Nbd7 6. 0-0 0-0 7. b3 c6 8. Nc3 b6 9. Nd2 Bb7 10. e4 dxe4 11. Ndxe4 e5 12. dxe5 Nxe5 13. Nxf6+ Bxf6 14. Ba3 Re8 15. Ne4 Be7 16. Nd6 Bxd6 17. Qxd6 Qc8 18. Rae1 Re6 19. Qd2 c5 20. f4 Bxg2 21. Qxg2 Nc6 22. Qd5 Rxe1 23. Rxe1 Qc7 24. Qe4 h6 25. Rd1 Rd8 26. Rd5 Ne7 27. Re5 Rd1+ 28. Kf2 Rd2+ 29. Ke1 Rd4 30. Qe2 Rd7 31. Bb2 Qd6 32. Bc3 Kf8 33. Re4 Qc6 34. Kf2 f5 35. Re3 Qh1 36. Qh5 Qb1 37. Qf3 Qxa2+ 38. Re2 Qa6 39. Qe3 b5 40. cxb5 Qxb5 41. Qe5 Ke8 42. Qxg7 Qxb3 43. Qh8+ Kf7 44. Bf6 Kg6 45. Qg7+ Kh5 46. h3 1-0